00547nam a22001817a 4500008004100000010001400041020002600055035001300081037001500094040001800109082000600127100001900133245004800152260003700200270007900237300002200316650002700338081114t xxu||||| |||| 00| 0 eng d aENG-91609 a9788189975357c250.00 aEN-75142 bDBAD / PUB adplbEnglish  aS aUtley, Jaspar  aTales from the Puffugees /cby Jaspar Utley aNew Delhi bWestland Booksc2008 aF-5, Okhla Industrial Area, Phase - I, Mezzanine FloorbNew Delhi e110002 a179p.c22cm (pbk) aShort stories, English